[Event "ICS Rated blitz match"]
[Site "204.178.125.65"]
[Date "2000.09.17"]
[Round "?"]
[White "Hossa"]
[Black "Valg"]
[Result "1/2-1/2"]
[WhiteElo "2571"]
[BlackElo "2450"]
[Annotator "Fritz 6 (22s)"]
[PlyCount "189"]
[EventDate "2000.??.??"]

1. e4 {C46: Vierspringerspiel (Seltene Zuege)} 1... e5 2. Nf3 Nc6 3. Nc3 g6 4.
d4 exd4 5. Nxd4 Bg7 6. Be3 Nge7 7. Bc4 O-O 8. O-O Ne5 9. Bb3 d6 10. Bg5 h6 11.
Bh4 b6 (11... Qd7 $5 $14 {kommt in Betracht}) 12. f4 $16 g5 13. fxg5 Bg4 14.
Qd2 h5 15. Qf2 (15. Nd5 $5 N7g6 16. Be1 Qd7 $18) 15... N5g6 16. Bg3 h4 17.
Bxf7+ (17. Bxh4 Bxd4) 17... Kh7 (17... Kh8 $5 18. Bxh4 Rxf7 19. Qxf7 Bxd4+ 20.
Bf2 Bg7 $16) 18. Bxh4 $18 Kh8 19. Bg3 (19. Ndb5 $142 $5 $18) 19... Rxf7 $16 20.
Qxf7 {Motiv: Ablenkung von d4} 20... Bxd4+ 21. Bf2 Be5 22. Qc4 Qd7 23. Bd4 c5
24. Bxe5+ Nxe5 25. Qa6 Rg8 26. h4 N7g6 27. Nd5 Nxh4 28. Nf6 Qc6 (28... Qe7 29.
Nxg8 Kxg8 30. Rf6 $18) 29. Nxg8 Qxe4 {|^xg2 darf nicht uebersehen werden.} 30.
Rf2 Kxg8 31. Qxa7 Nd7 32. Qc7 Qe6 33. Qd8+ Kg7 34. a3 Nf5 35. b4 Ng3 36. Qc7 (
36. g6 $142 $5 Qe3 37. Qh4 $16) 36... Ne2+ 37. Kh1 Qe3 38. Rxe2 Qxe2 39. Qxd6
Qxc2 40. Qh6+ Kf7 41. Re1 cxb4 (41... Bf5 42. Qd6 Qc4 43. Re7+ Kg8 44. bxc5
bxc5 45. Kh2 Qh4+ 46. Kg1 Qd4+ 47. Qxd4 cxd4 48. a4 $14) 42. axb4 {
Weiss droht g6} 42... Bf5 43. Kg1 (43. Qd6 Qc4 44. g6+ Kg7 45. Re7+ Kg8 46. g7
$18 (46. Rxd7 $6 {ist naheliegend und schlecht} 46... Qh4+ 47. Kg1 Qe1+ 48. Kh2
Qh4+ 49. Kg1 Qe1+ 50. Kh2 Qh4+ 51. Kg1 $11)) 43... Be4 {Droht Matt: Qxg2} 44.
Qh5+ Bg6 $4 (44... Kf8 45. Qg4 Bd5 46. Qf4+ Kg8 47. Re8+ Kg7 48. Qf1 $16) 45.
Qh8 (45. Qf3+ $142 {ist der schnellste Weg} 45... Bf5 46. g4 $18) 45... Be4 $16
{Nicht ohne Gift} 46. Qh3 (46. g6+ $5 Ke7 47. Qh7+ Kd6 48. Qh2+ Kc6 49. Qg3 $14
) 46... Ne5 $11 47. Qh5+ Ng6 {
Steht gut, da g5 blockiert ist. Das muss pariert werden} 48. Qg4 Bc6 49. Qe6+
Kg7 {|^xg2 muss beachtet werden} 50. Qf6+ Kh7 51. Qf7+ Kh8 52. Re8+ (52. Qf2
$142 $5 {ist zu pruefen} 52... Qxf2+ 53. Kxf2 $14) 52... Bxe8 $15 53. Qxe8+ Kg7
54. Qd7+ Kf8 55. Qd8+ Kf7 56. Qf6+ Ke8 57. Qxb6 Qc1+ 58. Kh2 Qxg5 59. Qc6+ Kf7
60. Qc4+ Kg7 61. Qc3+ Ne5 62. Qc7+ Kg6 63. Qd6+ Kf5 64. Qf8+ Ke4 65. Qa8+ Kf4 {
Mit der Mattdrohung Qg3} 66. Kg1 Qf5 {Droht Matt} 67. Qa6 Nd3 68. Qc4+ Ke3 69.
b5 Qf6 70. Qa2 Qb6 71. Qa6 Qd4 72. Qe6+ Kd2+ 73. Kh2 Qh4+ 74. Kg1 $2 (74. Qh3
Qg5 75. Qd7 $17) 74... Qd4+ $4 {danach wendet sich das Blatt} (74... Nc1 $142 {
und die Waage neigt sich zugunsten von Schwarz} 75. Qd6+ Ke1 $19) 75. Kh2 $15
Nf4 {Mit konkreter Absicht gespielt} 76. Qa2+ Ke3 77. Qb3+ Ke4 78. Qc2+ Ke5 79.
Qc7+ Kf5 80. Qh7+ Kg5 81. Qg8+ Ng6 82. Qb3 Ne5 {Was droht?} 83. Qg8+ Kf5 {
Nicht ohne Drohungen} 84. Qf8+ Ke4 85. Qa8+ Ke3 86. Qa3+ Ke2 87. Qa2+ Ke3 {
Wenn er doch jetzt Ng4 uebersaehe...} 88. Qa3+ Ke2 89. Qa2+ Ke1 90. Qb1+ Kd2
91. Qa2+ Kd3 92. Qa3+ Kd2 93. Qa2+ Kd3 94. Qa3+ Kd2 95. Qa2+ 1/2-1/2

[Event "ICS rated blitz match"]
[Site "204.178.125.65"]
[Date "2000.09.17"]
[Round "?"]
[White "PostModernist"]
[Black "Hossa"]
[Result "1/2-1/2"]
[WhiteElo "2677"]
[BlackElo "2566"]
[Annotator "Fritz 6 (22s)"]
[PlyCount "254"]
[EventDate "2000.??.??"]

1. d4 {D05: Damenbauernspiele (Colle-Aufbau)} 1... d5 2. Nf3 Nf6 3. e3 e6 4.
Bd3 c5 5. c3 Be7 6. Nbd2 Nc6 7. O-O O-O 8. dxc5 Bxc5 9. e4 Bb6 10. exd5 exd5
11. Nb3 Bg4 12. Bg5 h6 13. Bh4 Re8 14. h3 Bxf3 15. Qxf3 Ne5 16. Qf5 Nxd3 17.
Qxd3 Re5 18. Qf3 Qe7 19. Bxf6 Qxf6 20. Qxf6 gxf6 21. a4 Re2 22. Rab1 Rae8 23.
a5 Bc7 24. g4 R2e5 25. Nc5 f5 26. Nd7 R5e6 27. gxf5 Rd6 28. Nc5 Rc6 29. Nxb7 a6
30. b4 Rxc3 31. Rfe1 Rb8 32. Nc5 Ra8 33. Nd7 Kg7 34. Rec1 d4 35. Rxc3 dxc3 36.
Rc1 Bd6 37. Rxc3 Bxb4 38. Rg3+ Kh7 39. Nf6+ Kh8 40. Ng4 Kh7 41. Ne5 Bxa5 42.
Nxf7 Rf8 43. Nd6 Bc7 44. Rg6 a5 45. Ne4 Rxf5 46. Ra6 Kg7 47. Rc6 Be5 48. Kg2
Rf4 49. f3 Rf7 50. Ra6 Rb7 51. Rxa5 Rb2+ 52. Kf1 Bd4 53. f4 Bb6 54. Rd5 Rb4 55.
Re5 Bc7 56. Re7+ Kg6 57. Kf2 Bxf4 58. Kf3 Bg5 59. Rc7 Rb3+ 60. Rc3 Rxc3+ 61.
Nxc3 Be7 62. Nd5 Bc5 63. Kg4 Kg7 64. Kf5 Bd4 65. Nc7 Kf7 66. Ne6 Bf6 67. Nf4
Bc3 68. Ne2 Bb4 69. Nd4 Bd6 70. Ne6 Bh2 71. Nd8+ Kg7 72. Nb7 Bg3 73. Nc5 Kf7
74. Nd7 Ke7 75. Nf6 Kf7 76. Ng4 h5 77. Nf6 Bf4 $2 (77... h4 $142 $5 $11 {
sieht noch spielbar aus}) 78. Nxh5 $16 (78. Kxf4 $6 Kxf6 79. h4 Ke6 $11) 78...
Bh2 79. Nf6 Bd6 80. Nd5 Bg3 81. Nc3 Kg7 82. Kg5 Kh7 83. Ne4 Be1 84. Nd6 Kh8 85.
Kg6 Kg8 86. Nf7 Kf8 87. Ng5 Kg8 88. Nf3 Bf2 89. Nh2 Kh8 90. Ng4 Be1 91. Nh6 Bf2
92. Kf6 Kh7 93. Nf5 Kh8 94. Kg6 Kg8 95. Ne7+ Kh8 96. Kf7 Kh7 97. Nf5 Kh8 98.
Nh6 Kh7 99. Ng4 Bh4 100. Ne5 Kh6 101. Nf3 Bg3 102. Kf6 Kh7 103. Kf5 Kh8 104.
Kg6 Kg8 105. Nd4 Kh8 106. Ne2 Bf2 107. Nc3 Kg8 108. Ne4 Be1 109. Nd6 Kh8 110.
Nf5 Kg8 111. Ne3 Kh8 112. Nc2 Bf2 113. Nb4 Kg8 114. Nd3 Bg3 115. Kg5 Bd6 116.
Kf5 Be7 117. Kg6 Kh8 118. Nb2 Kg8 119. Nc4 Kh8 120. Ne3 Kg8 121. Nf5 Bd8 122.
Ng7 Kh8 123. Nh5 Kg8 124. Nf4 Kh8 125. Ne6 Be7 126. Nd4 Kg8 127. h4 (127. Nc6
$142 Bh4 128. Ne5 $16) 127... Bxh4 $11 1/2-1/2

[Event "ICS rated blitz match"]
[Site "204.178.125.65"]
[Date "2000.09.17"]
[Round "?"]
[White "Hossa"]
[Black "PostModernist"]
[Result "1/2-1/2"]
[WhiteElo "2571"]
[BlackElo "2672"]
[PlyCount "143"]
[EventDate "2000.??.??"]

1. e4 c6 2. d4 d5 3. exd5 cxd5 4. c4 Nf6 5. Nc3 Nc6 6. Bg5 e6 7. c5 Bd7 8. Bb5
b6 9. Qa4 Qc8 10. Bxf6 gxf6 11. cxb6 axb6 12. Qd1 Rg8 13. g3 Na5 14. Bxd7+ Qxd7
15. Qd3 f5 16. Nf3 Bb4 17. Ne5 Bxc3+ 18. Qxc3 Qd6 19. b4 f6 20. Rc1 Nb7 21. Nc6
Rxa2 22. O-O Kf7 23. Rc2 Rxc2 24. Qxc2 Qd7 25. Qa4 Kg7 26. b5 Nd6 27. Ra1 Rc8
28. Rc1 Qf7 29. Qa6 Qb7 30. Qxb7+ Nxb7 31. Re1 Re8 32. Ra1 Nd6 33. Ra6 Nc4 34.
f4 Kh6 35. h3 Rc8 36. Kf2 Rg8 37. Kg2 Kh5 38. Ra7 h6 39. Re7 e5 40. dxe5 fxe5
41. Nxe5 Ra8 42. Nxc4 Ra2+ 43. Kf3 dxc4 44. g4+ Kh4 45. gxf5 Ra8 46. f6 h5 47.
f7 Rf8 48. Ke4 c3 49. Rc7 c2 50. Rxc2 Rxf7 51. Rc6 Rb7 52. Rh6 Re7+ 53. Kd5 Rf7
54. Kc6 Rxf4 55. Kxb6 Rf3 56. Kc7 Rc3+ 57. Rc6 Rg3 58. b6 Kxh3 59. Rc5 h4 60.
Rb5 Rg6 61. Rb3+ Kh2 62. Rb2+ Kg3 63. b7 Rg7+ 64. Kd6 Rxb7 65. Rxb7 h3 66. Rg7+
Kf3 67. Ke5 h2 68. Rf7+ Kg2 69. Rg7+ Kf3 70. Rf7+ Kg2 71. Rg7+ Kf3 72. Rf7+ {
Game drawn by repetition} 1/2-1/2

[Event "ICS rated blitz match"]
[Site "204.178.125.65"]
[Date "2000.09.17"]
[Round "?"]
[White "Brabo"]
[Black "Hossa"]
[Result "0-1"]
[WhiteElo "2046"]
[BlackElo "2576"]
[PlyCount "84"]
[EventDate "2000.??.??"]

1. d4 d5 2. c4 e6 3. Nc3 Nf6 4. cxd5 exd5 5. Bg5 Be7 6. e3 O-O 7. Bd3 c6 8. Qc2
Nbd7 9. Nf3 Kh8 10. O-O h6 11. Bh4 Re8 12. Rab1 Kg8 13. b4 a6 14. a4 b6 15. b5
c5 16. bxa6 cxd4 17. exd4 Bxa6 18. Nb5 Rc8 19. Qb3 Nf8 20. Rfc1 Rxc1+ 21. Rxc1
Ne4 22. Bxe7 Rxe7 23. Ne5 Nc5 24. dxc5 Rxe5 25. c6 Qg5 26. Qb2 Ne6 27. c7 Bc8
28. Bf1 Nf4 29. g3 Ne2+ 30. Bxe2 Rxe2 31. Qxe2 Qxc1+ 32. Kg2 Be6 33. Qe3 Qc6
34. Qd4 f6 35. h4 Bc8 36. Qf4 Qb7 37. Qd6 Kh7 38. Nd4 Qa7 39. Nc6 Qxa4 40. Ne7
Qe4+ 41. Kh2 Qe2 42. Qf4 Qxe7 {Brabo resigns} 0-1

[Event "ICS rated blitz match"]
[Site "204.178.125.65"]
[Date "2000.09.17"]
[Round "?"]
[White "Hossa"]
[Black "Brabo"]
[Result "1-0"]
[WhiteElo "2577"]
[BlackElo "2045"]
[PlyCount "63"]
[EventDate "2000.??.??"]

1. e4 c5 2. Nf3 e6 3. d4 cxd4 4. Nxd4 a6 5. Nc3 Qc7 6. Be2 Nc6 7. Bg5 h6 8. Bh4
g5 9. Bg3 d6 10. Qd2 Bg7 11. Nxc6 Qxc6 12. Bxd6 Bxc3 13. Qxc3 Qxc3+ 14. bxc3
Bd7 15. O-O-O Rc8 16. Rd4 Bc6 17. Rhd1 h5 18. h3 f6 19. Bc4 Kf7 20. f4 gxf4 21.
Bxf4 Ne7 22. Rd6 Ng6 23. Bxe6+ Kg7 24. Rd7+ Bxd7 25. Rxd7+ Kf8 26. Bd6+ Ke8 27.
Rxb7 Kd8 28. Bb4 Ra8 29. Ba5+ Ke8 30. Bf7+ Kf8 31. Bxg6 Rg8 32. Bb4# {
Brabo checkmated} 1-0

[Event "ICS Rated blitz match"]
[Site "204.178.125.65"]
[Date "2000.09.17"]
[Round "?"]
[White "Hossa"]
[Black "Powerslave"]
[Result "0-1"]
[WhiteElo "2578"]
[BlackElo "2748"]
[PlyCount "164"]
[EventDate "2000.??.??"]

1. e4 d5 2. exd5 Nf6 3. d4 Nxd5 4. Nf3 Bg4 5. Bb5+ c6 6. Be2 e6 7. O-O Bd6 8.
c4 Nf4 9. Bxf4 Bxf4 10. Nc3 O-O 11. h3 Bf5 12. Bd3 Qf6 13. Bxf5 Qxf5 14. Qb1
Qf6 15. Ne4 Qh6 16. Qd3 Nd7 17. Qb3 b6 18. Qa4 e5 19. d5 b5 20. Qa6 Nb6 21. Qb7
cxd5 22. cxd5 Rfd8 23. Rad1 f5 24. Nc3 b4 25. Ne2 Rd7 26. Qc6 Rad8 27. Qxh6
Bxh6 28. Nxe5 Rxd5 29. Rxd5 Rxd5 30. Nc6 Rd2 31. Ned4 Rxb2 32. Nxf5 Bd2 33. Ra1
a6 34. Nd6 Bc3 35. g4 Nd5 36. Nc4 Rc2 37. Rd1 Nf4 38. Rd8+ Kf7 39. Nd6+ Kg6 40.
Rf8 Bf6 41. Nxb4 Rc1+ 42. Kh2 a5 43. Nf7 axb4 44. h4 h5 45. g5 Bd4 46. Kg3 Ne2+
47. Kf3 Rc2 48. Ke4 Rd2 49. Nh8+ Kh7 50. g6+ Kh6 51. f4 Ng3+ 52. Kf3 Rd3+ 53.
Kg2 Bf6 54. Rb8 Nf5 55. Rxb4 Nxh4+ 56. Kf2 Rd2+ 57. Kg3 Rg2+ 58. Kh3 Rxa2 59.
Rb8 Nxg6 60. Nf7+ Kh7 61. f5 Nf4+ 62. Kg3 Ne2+ 63. Kf3 Nd4+ 64. Ke4 g6 65.
fxg6+ Kxg6 66. Nd6 Ra4 67. Kd3 Nc6 68. Rg8+ Kh7 69. Ne8 Kxg8 70. Nxf6+ Kf7 71.
Nh7 Rd4+ 72. Ke2 Rg4 73. Kf3 Ne5+ 74. Ke3 h4 75. Ng5+ Rxg5 76. Kd2 h3 77. Ke3
h2 78. Kd4 h1=Q 79. Kc5 Rg4 80. Kb6 Qc6+ 81. Ka7 Ra4+ 82. Kb8 Nd7# {
Hossa checkmated} 0-1

[Event "ICS rated blitz match"]
[Site "204.178.125.65"]
[Date "2000.09.17"]
[Round "?"]
[White "Powerslave"]
[Black "Hossa"]
[Result "1-0"]
[WhiteElo "2757"]
[BlackElo "2569"]
[PlyCount "97"]
[EventDate "2000.??.??"]

1. d4 d5 2. Nf3 Nf6 3. Bf4 Bf5 4. e3 e6 5. Bd3 Bd6 6. Bxf5 exf5 7. Ne5 O-O 8.
O-O Nc6 9. Nxc6 bxc6 10. Qf3 Rb8 11. b3 Qd7 12. Bxd6 cxd6 13. Nc3 Ne4 14. Nxe4
fxe4 15. Qf4 f6 16. h4 f5 17. c3 Rf6 18. Rac1 Rbf8 19. c4 dxc4 20. Rxc4 Rg6 21.
f3 d5 22. Rc2 Rgf6 23. Rfc1 Rc8 24. Rc5 Qb7 25. R1c2 Re8 26. R5c3 Qb6 27. a3
Ref8 28. h5 Rh6 29. Qg5 f4 30. fxe4 dxe4 31. Rf2 fxe3 32. Rxf8+ Kxf8 33. Qxe3
Re6 34. Rc5 Ke8 35. b4 Qb8 36. Rg5 Qc7 37. Rg4 Qe7 38. Qg3 e3 39. Rxg7 Qxg7 40.
Qxg7 e2 41. Qg8+ Ke7 42. Qxe6+ Kxe6 43. Kf2 Kd5 44. Kxe2 Kxd4 45. Kf3 Ke5 46.
g4 a6 47. Kg3 Kf6 48. Kf4 Kf7 49. Kf5 {Hossa resigns} 1-0

[Event "ICS rated blitz match"]
[Site "204.178.125.65"]
[Date "2000.09.17"]
[Round "?"]
[White "Amy"]
[Black "Hossa"]
[Result "1-0"]
[WhiteElo "2730"]
[BlackElo "2561"]
[PlyCount "119"]
[EventDate "2000.??.??"]

1. d4 d5 2. c4 e6 3. Nc3 Nf6 4. Nf3 Bb4 5. Bg5 dxc4 6. e4 c5 7. Bxc4 cxd4 8.
Nxd4 Bxc3+ 9. bxc3 Qa5 10. Bb5+ Nbd7 11. Bxf6 Qxc3+ 12. Kf1 gxf6 13. h4 Qa5 14.
Rc1 Qd8 15. Rh3 a6 16. Be2 Ne5 17. Rhc3 Bd7 18. Kg1 Rg8 19. Qb3 Rb8 20. Bh5 Ng6
21. Rc7 Nf4 22. Bf3 f5 23. Rxb7 Rxb7 24. Qxb7 fxe4 25. Bxe4 f5 26. Bc6 Bxc6 27.
Qxc6+ Ke7 28. Nxf5+ exf5 29. Re1+ Kf7 30. Qc4+ Qd5 31. Qc7+ Kg6 32. Qxf4 h6 33.
Re5 Qd7 34. Kh2 Qc8 35. Rd5 Kh7 36. Rxf5 Rg6 37. h5 Rg7 38. Rf6 Kg8 39. Qxh6
Qb8+ 40. Rd6 Qc7 41. Kg1 Qb8 42. Rxa6 Qb1+ 43. Kh2 Qb8+ 44. Rd6 Qc7 45. Qe6+
Kh7 46. g3 Qa5 47. Qh6+ Kg8 48. Rg6 Rxg6 49. hxg6 Qd5 50. Qh7+ Kf8 51. g7+ Ke8
52. a4 Kd8 53. a5 Kc8 54. a6 Qd8 55. g8=Q Qxg8 56. Qxg8+ Kd7 57. a7 Kc6 58.
a8=Q+ Kb6 59. Qgd5 Kc7 60. Qdc6# {Hossa checkmated} 1-0

[Event "ICS Rated standard match"]
[Site "204.178.125.65"]
[Date "2000.09.17"]
[Round "?"]
[White "PostModernist"]
[Black "Hossa"]
[Result "1-0"]
[WhiteElo "2400"]
[BlackElo "2352"]
[PlyCount "122"]
[EventDate "2000.??.??"]

1. e4 e5 2. Bc4 Nf6 3. d3 c6 4. Bb3 d5 5. Nf3 Bd6 6. Nc3 d4 7. Ne2 Na6 8. c3 c5
9. Ba4+ Bd7 10. Bxd7+ Nxd7 11. Qb3 Nb6 12. a4 O-O 13. a5 c4 14. dxc4 Nc5 15.
Qa2 Nd3+ 16. Kf1 Nxc1 17. Rxc1 d3 18. Ng3 Nd7 19. Rd1 Qc7 20. b4 Nf6 21. c5 Be7
22. Rxd3 a6 23. Nf5 Rfd8 24. Qc4 Rxd3 25. Qxd3 Rd8 26. Qc4 Rd1+ 27. Ne1 Rd2 28.
Ne3 Qc6 29. f3 Nh5 30. Ng4 Qc7 31. g3 Nf6 32. Nxf6+ Bxf6 33. Qb3 Qd7 34. h4 Be7
35. Qc4 Qc6 36. Rg1 Qd7 37. Rg2 Qh3 38. Kg1 Rd1 39. Qe2 Rc1 40. Qd2 Ra1 41. Qf2
Qd7 42. Qe2 Rc1 43. Qe3 Rb1 44. Rh2 Ra1 45. Kf1 Rd1 46. Qe2 Rb1 47. Qc2 Ra1 48.
Kf2 Qe6 49. Qd2 Qb3 50. Nc2 Rb1 51. Rg2 Rh1 52. Ne1 Qc4 53. Nd3 Qe6 54. Ke3 Ra1
55. f4 exf4+ 56. Nxf4 Qc6 57. Qd5 Re1+ 58. Re2 Rc1 59. Qe5 Bf8 60. Rd2 Qc8 61.
Kf3 Rf1+ {Hossa resigns} 1-0

[Event "ICS rated blitz match"]
[Site "204.178.125.65"]
[Date "2000.09.17"]
[Round "?"]
[White "Hossa"]
[Black "Powerslave"]
[Result "0-1"]
[WhiteElo "2552"]
[BlackElo "2768"]
[PlyCount "146"]
[EventDate "2000.??.??"]

1. e4 d6 2. d4 Nf6 3. Nc3 g6 4. f4 Bg7 5. Nf3 O-O 6. Bd3 Na6 7. O-O c5 8. d5
Rb8 9. Kh1 Bg4 10. h3 Bxf3 11. Rxf3 Nc7 12. Bd2 b5 13. Qe1 Nd7 14. f5 Ne5 15.
fxg6 Nxf3 16. gxh7+ Kh8 17. gxf3 e5 18. Qg3 c4 19. Rg1 Qf6 20. Bf1 Bh6 21. Bxh6
Qxh6 22. Qg4 f5 23. exf5 Qxh7 24. Ne4 Nxd5 25. Nxd6 Nf4 26. Qg3 Rb6 27. Ne4
Rxf5 28. Ng5 Qg7 29. Qh4+ Qh6 30. Qg4 Qf8 31. h4 Rh6 32. Bh3 Nxh3 33. Nxh3 Rxf3
34. Kh2 e4 35. a4 bxa4 36. c3 a3 37. bxa3 Rxc3 38. Rg2 Rxa3 39. Qg5 Rf3 40.
Qe5+ Rff6 41. Qxe4 c3 42. Qe1 Qb8+ 43. Kg1 Qb6+ 44. Kh1 Qc5 45. Qe4 a5 46. Kh2
Qd6+ 47. Kg1 Rf8 48. Kh1 Rf1+ 49. Ng1 Qe6 50. Qa8+ Kh7 51. Qb7+ Rf7 52. Qb1+
Qf5 53. Qxf5+ Rxf5 54. Rh2 Rf1 55. h5 Rc1 56. Re2 Rxh5+ 57. Kg2 Rg5+ 58. Kf3
Rgxg1 59. Rh2+ Kg6 60. Ke4 c2 61. Kd3 Rg3+ 62. Kc4 a4 63. Rd2 a3 64. Rd6+ Kh7
65. Ra6 Re1 66. Kd5 Rd3+ 67. Kc4 c1=Q+ 68. Kxd3 Re3+ 69. Kd4 Qc3+ 70. Kd5 Re5+
71. Kd6 Qc5+ 72. Kd7 Re7+ 73. Kd8 Qc7# {Hossa checkmated} 0-1

[Event "ICS unrated blitz match"]
[Site "204.178.125.65"]
[Date "2000.09.17"]
[Round "?"]
[White "Hossa"]
[Black "asko"]
[Result "1-0"]
[WhiteElo "2545"]
[BlackElo "2393"]
[Annotator "Fritz 6 (30s)"]
[PlyCount "147"]
[EventDate "2000.??.??"]

1. e4 {B40: Sizilianisch (Klassisches System mit e7-e6))} 1... c5 2. Nf3 e6 3.
d4 cxd4 4. Nxd4 Qb6 5. Nb3 a6 {Befestigt b5} 6. Bd3 Qc7 7. O-O Nf6 8. Bg5 Be7
9. Nc3 b5 10. Qf3 Bb7 {Schwarz hat Entwicklungsnachteil.} 11. a4 b4 12. Ne2 d6
{Verhindert das Eindringen auf c5} 13. Rfd1 Nbd7 14. Bf4 Ne5 15. Bxe5 dxe5 16.
Ng3 O-O 17. Nh5 Nxh5 18. Qxh5 Rac8 19. Rd2 h6 20. Re1 Bg5 21. Rdd1 Rfd8 22. h4
Be7 23. Rd2 Rd7 24. Red1 Rcd8 25. a5 Bf8 26. Qe2 Qc6 27. Qf3 Be7 28. Qg3 Qc7
29. Qg4 Bf8 (29... Bc6 30. Ra1 $17) 30. Qf3 Be7 (30... Bc5 31. Qg3 $15) 31. g3
Bf8 32. Qe3 Be7 33. Qa7 Ra8 34. Qb6 Rad8 35. Qxc7 Rxc7 36. f3 Rcd7 37. Kg2 Rc7
38. Kh2 Rcd7 39. h5 Rc7 40. Re2 Rcd7 41. Kg2 Rc7 42. Kf2 Rcd7 43. Red2 Bf8 44.
Kg2 Be7 45. Kh3 Bg5 46. Nc5 Bxd2 47. Nxd7 Rxd7 48. Rxd2 Kf8 49. Kg2 Ke7 50. Rd1
Kd8 51. Kf2 Rd4 52. c3 bxc3 53. bxc3 Rd6 54. c4 Kc7 55. Ke1 Rd4 56. Kd2 Rd8 57.
Kc3 Kc6 58. Rb1 Rd7 59. Rb6+ Kc7 $2 (59... Kc5 $142 $5 $14 {
sieht noch spielbar aus}) 60. c5 Rd4 61. Bxa6 Bxa6 (61... Bc6 $142 62. Be2 Ra4
$16) 62. Rxa6 Kb7 63. Rb6+ Kc7 64. a6 Ra4 65. g4 Ra3+ (65... Kc8 66. Rb7 Rxa6
67. Rxf7 $18) 66. Kb4 Ra1 67. Rb7+ Kc6 68. Rxf7 Rb1+ 69. Kc4 Rc1+ 70. Kb3 Rxc5
(70... Rb1+ {waere noch eine kleine Chance} 71. Kc3 Rc1+ 72. Kb2 Rxc5 $18) 71.
a7 Ra5 72. Rxg7 Kd6 (72... Kb6 {ist noch eine Idee} 73. g5 hxg5 $18) 73. g5
hxg5 74. h6 (74. h6 Rb5+ 75. Ka4 $18) 1-0

[Event "ICS unrated blitz match"]
[Site "204.178.125.65"]
[Date "2000.09.17"]
[Round "?"]
[White "asko"]
[Black "Hossa"]
[Result "0-1"]
[WhiteElo "2393"]
[BlackElo "2545"]
[Annotator "Fritz 6 (30s)"]
[PlyCount "72"]
[EventDate "2000.??.??"]

1. Nf3 {D02: Damenbauernspiele} 1... d5 2. d4 c6 3. g3 e6 4. Bg2 Bd6 5. O-O Nf6
6. b3 O-O 7. c4 Nbd7 8. Bb2 b6 9. Nfd2 Bb7 10. Nc3 Qc7 11. Re1 Rad8 12. e4 e5
13. dxe5 Nxe5 14. Qc2 d4 15. Nd1 Bc5 {Schwarz plant d3} 16. h3 {Ueberdeckt g4}
16... Rfe8 17. Kh2 Ng6 18. Bc1 d3 19. Qb1 Nh4 20. Bb2 Nxg2 21. Kxg2 Bb4 22. Bc3
Bxc3 23. Nxc3 Bc8 24. Re3 Qd7 25. Qh1 Qd4 {
Ist der Bauer e4 hinreichend gedeckt?} 26. Rc1 Qd6 27. Qe1 Qe5 28. Qf1 (28. Qd1
Qg5 $15) 28... Qe6 29. Qh1 Re7 30. Rce1 Qe5 31. Rc1 Qh5 32. Rce1 Qa5 33. Rc1
Qa3 34. Qf1 Qb2 35. Qe1 Ne8 36. Ndb1 $4 (36. Na4 $142 {war relativ besser}
36... Qf6 37. Qf1 $15) 36... d2 (36... d2 37. Nxd2 Rxd2 $19 (37... Qxd2 $6 38.
Nd5 Qxe1 39. Nxe7+ (39. Rcxe1 $4 cxd5 40. exd5 Rxe3 41. fxe3 Nd6 $19) 39... Kf8
40. Ng6+ hxg6 41. Rexe1 $11)) 0-1

[Event "ICS unrated blitz match"]
[Site "204.178.125.65"]
[Date "2000.09.17"]
[Round "?"]
[White "Hossa"]
[Black "asko"]
[Result "1-0"]
[WhiteElo "2545"]
[BlackElo "2393"]
[Annotator "Fritz 6 (30s)"]
[PlyCount "85"]
[EventDate "2000.??.??"]

1. e4 {B40: Sizilianisch (Klassisches System mit e7-e6))} 1... c5 2. Nf3 e6 3.
d4 cxd4 4. Nxd4 Qb6 5. Nb3 Qc7 6. Nc3 a6 {Verwehrt dem Gegner b5} 7. Bd3 b5 8.
Be3 Nf6 {Schwarz muss dringend die Entwicklung vorantreiben.} 9. a4 b4 10. Ne2
d6 {Kontrolliert c5} 11. a5 Nbd7 12. O-O Bb7 13. Ng3 h5 14. f3 h4 15. Ne2 h3
16. g3 d5 17. exd5 Nxd5 18. Bd4 N7f6 (18... e5 19. Bf2 $11) 19. Qd2 Bd6 20.
Rad1 Rc8 21. Qg5 Kf8 22. Qd2 Ke8 (22... e5 23. Bf2 $15) 23. Rfe1 Kf8 24. Ba7
Rd8 25. Bf2 Rc8 26. Ned4 Re8 27. Qe2 Bc8 $2 (27... Qc8 $142 $11 {
ist noch spielbar}) 28. Bxa6 Nh5 (28... e5 $5 29. Bb5 Bd7 30. Bxd7 Qxd7 $18)
29. Bxc8 Nxg3 {Beseitigt den Bauernschutz} 30. hxg3 (30. Bxg3 Bxg3) 30... Bxg3
(30... Qxc8 {ist noch eine duenne Chance} 31. Nf5 exf5 32. Qxe8+ Qxe8 33. Rxe8+
Kxe8 34. Rxd5 Ke7 35. Rxf5 g6 $18) 31. Ba6 Rh6 32. Kh1 Bxf2 33. Qxf2 Nf4 34.
Qd2 Ng2 35. Qxb4+ Kg8 36. Qb5 Rf8 37. Re5 Qe7 (37... Nf4 {
holt die Kuh nicht vom Eis} 38. Rg5 $18) 38. Nf5 Qf6 39. Nxh6+ gxh6 40. Rg1
Qxf3 (40... Kh8 {hilft auch nicht mehr} 41. Qc5 Rg8 42. Qd4 $18) 41. Bb7 Qf6
42. a6 Kh8 43. a7 (43. a7 Nf4 44. a8=Q Rxa8 45. Bxa8 $18) 1-0

[Event "ICS unrated blitz match"]
[Site "204.178.125.65"]
[Date "2000.09.17"]
[Round "?"]
[White "asko"]
[Black "Hossa"]
[Result "0-1"]
[WhiteElo "2393"]
[BlackElo "2545"]
[Annotator "Fritz 6 (30s)"]
[PlyCount "88"]
[EventDate "2000.??.??"]

1. d4 {D01: Damenbauernspiele (Richter-Weressow)} 1... d5 2. Bg5 Nf6 3. Nc3 Bf5
4. f3 a6 5. e4 dxe4 6. Bxf6 exf6 7. fxe4 Be6 8. Nf3 Bd6 9. Bd3 Bg4 10. Qd2 Nc6
11. Ne2 Qd7 12. O-O-O Nb4 13. Kb1 Nxd3 14. Qxd3 Be6 15. h3 Qb5 16. Qxb5+ axb5
17. d5 Bd7 18. Ned4 g6 19. Rhe1 Bg3 20. Re2 Kf8 21. e5 fxe5 22. Nxe5 Bxe5 23.
Rxe5 b4 24. Rf1 Re8 25. Rxe8+ Kxe8 26. Kc1 Ke7 27. c3 Ra8 28. Kb1 bxc3 29. bxc3
Ra5 30. c4 Ra4 31. Rc1 Rb4+ 32. Nb3 Kd6 33. Kb2 b5 34. c5+ Kxd5 35. Rd1+ Kc6
36. a3 Ra4 37. Nd4+ Kxc5 38. Nb3+ Kc6 39. Nd4+ Kb6 40. Nc2 Be6 41. Nb4 h6 42.
Rd8 c5 43. Nd5+ Bxd5 44. Rxd5 Rd4 (44... Rd4 45. Re5 Rd2+ 46. Kc1 Rxg2 $19) 0-1

[Event "ICS rated blitz match"]
[Site "204.178.125.65"]
[Date "2000.09.17"]
[Round "?"]
[White "Hossa"]
[Black "Tinker"]
[Result "1-0"]
[WhiteElo "2545"]
[BlackElo "2424"]
[PlyCount "87"]
[EventDate "2000.??.??"]

1. e4 e5 2. Nf3 Nc6 3. Nc3 d6 4. Bb5 Bd7 5. O-O a6 6. Bxc6 Bxc6 7. d4 f6 8. Be3
g6 9. Qd3 Bd7 10. dxe5 dxe5 11. Rfd1 Nh6 12. h3 Nf7 13. Qc4 c6 14. Qb3 b5 15.
a4 b4 16. Na2 c5 17. c3 Rb8 18. cxb4 cxb4 19. Rac1 a5 20. Rc6 h6 21. Nc1 Be7
22. Ra6 Qc7 23. Ra7 Rb7 24. Ra8+ Bd8 25. Nd3 Qc6 26. Nc5 Bc8 27. Nxb7 Bxb7 28.
Rb8 g5 29. Bc5 Bc8 30. Qd5 Qxd5 31. Rxd5 Be6 32. Rd2 Bd7 33. Bb6 g4 34. hxg4
Rg8 35. b3 Rxg4 36. Bxa5 h5 37. Bxd8 Nxd8 38. Rxb4 Nc6 39. Rb7 Rg7 40. Rd6 Na5
41. Ra7 Nc6 42. Rxc6 Bxc6 43. Rxg7 Bxe4 44. b4 {Tinker resigns} 1-0

[Event "ICS rated blitz match"]
[Site "204.178.125.65"]
[Date "2000.09.17"]
[Round "?"]
[White "Krausuwe"]
[Black "Hossa"]
[Result "1-0"]
[WhiteElo "2558"]
[BlackElo "2573"]
[PlyCount "82"]
[EventDate "2000.??.??"]

1. d4 d5 2. c4 e6 3. Nf3 Nf6 4. Bf4 dxc4 5. Nc3 Bb4 6. Qc2 Nd5 7. Bd2 Nc6 8. e4
Nb6 9. a3 Be7 10. Be3 O-O 11. Rd1 Bd7 12. d5 Na5 13. dxe6 fxe6 14. Bxb6 axb6
15. Ne5 Bd6 16. Nxd7 Qxd7 17. e5 Qc6 18. exd6 cxd6 19. Ne4 d5 20. Ng5 g6 21.
Nf3 Rf4 22. h4 Nb3 23. h5 gxh5 24. Rxh5 Re4+ 25. Be2 Qe8 26. Rg5+ Kf7 27. Re5
Qh8 28. Rxe4 dxe4 29. Qxe4 Nc5 30. Ne5+ Kg8 31. Qe3 Qg7 32. Nxc4 Qxg2 33. Nxb6
Qh1+ 34. Bf1 Rf8 35. Qxc5 Qe4+ 36. Qe3 Qxe3+ 37. fxe3 Rf3 38. Rd8+ Kg7 39. Rd7+
Kh6 40. Ke2 Rf5 41. Rxb7 Rh5 {Hossa resigns} 1-0

[Event "ICS rated blitz match"]
[Site "204.178.125.65"]
[Date "2000.09.17"]
[Round "?"]
[White "Krausuwe"]
[Black "Hossa"]
[Result "1-0"]
[WhiteElo "2558"]
[BlackElo "2573"]
[PlyCount "52"]
[EventDate "2000.??.??"]

1. d4 d5 2. Nf3 Nf6 3. g3 c5 4. Bg2 cxd4 5. Nxd4 e5 6. Nb3 Nc6 7. O-O Bf5 8.
Bg5 h6 9. Bxf6 Qxf6 10. Qxd5 Bxc2 11. Qb5 O-O-O 12. Rc1 Rd1+ 13. Rxd1 Bxd1 14.
Nc3 a6 15. Qc4 Bxb3 16. axb3 g5 17. Rxa6 bxa6 18. Qxa6+ Kd8 19. Bxc6 Qf5 20.
Qa5+ Ke7 21. Nd5+ Ke6 22. e4 Qxe4 23. Nc7+ Kf6 24. Bxe4 Bd6 25. Qb6 Ke7 26.
Nd5+ Ke6 {Hossa resigns} 1-0